[Event "FICGS class M 000024 email"]
[Site "FICGS email"]
[Date "2020.12.16"]
[Round "1"]
[White "Kireev, Sergey Ivanovich"]
[Black "Parmet, Daniel Edward"]
[Result "1/2-1/2"]
[WhiteElo "2367"]
[BlackElo "2230"]
[PlyCount "61"]
[EventDate "2020.??.??"]
[EventType "tourn (corr)"]
[EventRounds "1"]
[SourceTitle "Corr 2022"]
[Source "ChessBase"]
[SourceDate "2021.10.24"]
[SourceVersion "1"]
[SourceVersionDate "2021.10.24"]
[SourceQuality "1"]

1. e4 e5 2. Nf3 Nc6 3. Bb5 Nf6 4. 0-0 Nxe4 5. d4 Nd6 6. Bxc6 dxc6 7. dxe5 Nf5 8. Qxd8+ Kxd8 9. Nc3 Bd7 10. h3 h6 11. b3 Kc8 12. Bb2 b6 13. Rad1 a5 14. Rd3 Be7 15. g4 Nh4 16. Nxh4 Bxh4 17. Ne2 a4 18. e6 Bxe6 19. Bxg7 Rh7 20. Be5 Kb7 21. Bg3 Be7 22. Nf4 Bc8 23. Re1 f5 24. Ne6 fxg4 25. hxg4 Ra5 26. Rde3 h5 27. Nxc7 Bb4 28. c3 Bc5 29. b4 Bxe3 30. bxa5 Bd2 31. a6+ 1/2-1/2

[Event "FICGS W-ch st1 gN 01 email"]
[Site "FICGS email"]
[Date "2020.11.05"]
[Round "1"]
[White "Parmet, Daniel Edward"]
[Black "Gray, Garvin"]
[Result "1/2-1/2"]
[WhiteElo "2230"]
[BlackElo "2252"]
[PlyCount "35"]
[EventDate "2020.??.??"]
[EventType "tourn (corr)"]
[EventRounds "6"]
[SourceTitle "Corr 2022"]
[Source "ChessBase"]
[SourceDate "2021.10.24"]
[SourceVersion "1"]
[SourceVersionDate "2021.10.24"]
[SourceQuality "1"]

1. e4 c5 2. Nf3 Nc6 3. d4 cxd4 4. Nxd4 Nf6 5. Nc3 e5 6. Ndb5 d6 7. Nd5 Nxd5 8. exd5 Nb8 9. a4 Be7 10. Be2 a6 11. Na3 Nd7 12. Nc4 a5 13. 0-0 0-0 14. f4 Nb6 15. Kh1 Nxc4 16. Bxc4 Qc7 17. b3 e4 18. c3 1/2-1/2

[Event "FICGS rapid M 000102 email"]
[Site "FICGS email"]
[Date "2019.03.06"]
[Round "1"]
[White "Parmet, Daniel Edward"]
[Black "Cleto, Dirceu Jr"]
[Result "1-0"]
[WhiteElo "2125"]
[BlackElo "2226"]
[PlyCount "21"]
[EventDate "2019.??.??"]
[EventType "tourn (rapid)"]
[EventRounds "6"]
[SourceTitle "Corr 2022"]
[Source "ChessBase"]
[SourceDate "2021.10.24"]
[SourceVersion "1"]
[SourceVersionDate "2021.10.24"]
[SourceQuality "1"]

1. e4 c5 2. Nf3 d6 3. d4 cxd4 4. Nxd4 Nf6 5. Nc3 g6 6. Be3 Bg7 7. f3 Nc6 8. Qd2 0-0 9. 0-0-0 e5 10. Nxc6 bxc6 11. Qxd6 1-0

[Event "FICGS rapid silver 000239 email"]
[Site "FICGS email"]
[Date "2019.02.15"]
[Round "1"]
[White "Kruse, Herbert"]
[Black "Parmet, Daniel Edward"]
[Result "1/2-1/2"]
[WhiteElo "2620"]
[BlackElo "2125"]
[PlyCount "100"]
[EventDate "2019.??.??"]
[EventType "match (rapid)"]
[EventRounds "2"]
[SourceTitle "Corr 2022"]
[Source "ChessBase"]
[SourceDate "2021.10.24"]
[SourceVersion "1"]
[SourceVersionDate "2021.10.24"]
[SourceQuality "1"]

1. Nf3 Nf6 2. g3 d5 3. Bg2 c5 4. 0-0 Nc6 5. d4 cxd4 6. Nxd4 e5 7. Nxc6 bxc6 8. c4 Be6 9. Nc3 Rc8 10. cxd5 cxd5 11. Qa4+ Qd7 12. Qxd7+ Kxd7 13. Rd1 Bc5 14. Na4 Be7 15. Bg5 Ng8 16. h4 d4 17. Bd2 Nh6 18. Bxh6 gxh6 19. e3 Rhd8 20. exd4 exd4 21. Rxd4+ Ke8 22. Rxd8+ Rxd8 23. a3 Bb3 24. Nc3 Rd2 25. Rb1 Kf8 26. Kf1 Bf6 27. Ke1 Rd8 28. Rc1 Kg7 29. Bf1 Rb8 30. Ba6 Bd4 31. Ke2 Bf6 32. Kd2 Bd4 33. Ke2 Bf6 34. Ke1 Bd4 35. Kf1 Rb6 36. Be2 a5 37. Nb5 Bf6 38. Nc3 Rb8 39. Ke1 Bd4 40. Nb5 Bf6 41. Nc3 Bd4 42. Bg4 Bf6 43. Bd1 Re8+ 44. Kf1 Bc4+ 45. Ne2 Bd3 46. Rc5 Bxb2 47. Rxa5 Re6 48. a4 Rd6 49. Bb3 Rb6 50. Bd5 Bc3 1/2-1/2

[Event "Bangkok Cha Am op 18th"]
[Site "Bangkog"]
[Date "2018.04.18"]
[Round "6"]
[White "Parmet, Daniel Edward"]
[Black "Lye, Lik Zang"]
[Result "0-1"]
[WhiteElo "1883"]
[BlackElo "2183"]
[PlyCount "34"]
[EventDate "2018.04.13"]
[EventType "swiss"]
[EventRounds "9"]
[EventCountry "THA"]
[SourceTitle "CBM 184 Extra"]
[Source "ChessBase"]
[SourceDate "2018.06.28"]
[SourceVersion "1"]
[SourceVersionDate "2018.06.28"]
[SourceQuality "1"]

1. d4 d5 2. c4 dxc4 3. e3 e5 4. Bxc4 exd4 5. exd4 Bd6 6. Nf3 Nf6 7. Qb3 0-0 8. 0-0 Nc6 9. Bd2 Bg4 10. Ng5 Bh5 11. Qxb7 Nxd4 12. Na3 Be2 13. Nxf7 Rxf7 14. Bxf7+ Kxf7 15. Rfe1 Rb8 16. Qxa7 Ra8 17. Qb7 Ba6 0-1

[Event "Bangkok Cha Am op 18th"]
[Site "Bangkog"]
[Date "2018.04.13"]
[Round "1"]
[White "Batchimeg, Tuvshintugs"]
[Black "Parmet, Daniel Edward"]
[Result "1-0"]
[WhiteElo "2391"]
[BlackElo "1883"]
[PlyCount "29"]
[EventDate "2018.04.13"]
[EventType "swiss"]
[EventRounds "9"]
[EventCountry "THA"]
[SourceTitle "CBM 184 Extra"]
[Source "ChessBase"]
[SourceDate "2018.06.28"]
[SourceVersion "1"]
[SourceVersionDate "2018.06.28"]
[SourceQuality "1"]

1. d4 d5 2. Nf3 Nf6 3. c4 c6 4. Nc3 dxc4 5. g3 b5 6. Bg2 e6 7. Ne5 Bb7 8. Nxb5 Qa5+ 9. Nc3 Bb4 10. Bd2 0-0 11. Nxc4 Qa6 12. Qb3 c5 13. Bxb7 Qxb7 14. 0-0 cxd4 15. Na4 1-0